000 00672nam a2200145 a 4500
008 071211s2006 ||||||||||||||||| || u
050 _aTHESIS/STUDENT
100 _aSongolo, Mwiya
245 1 0 _aVentilation requirements at SOB and Central shaft for the next five years, Nkana Mine
_cSupervised by Mr. Lesho M. B.
260 _aKitwe
_bCopperbelt University, School of Technology, Mining Department
_c2006
350 _a0.00
650 _aMINING
650 _aVENTILATION REQUIREMENTS--SOB AND CENTRAL SHAFT--NKANA MINE
995 _D0.00
_FCBU-MAIN LIBRARY (Kitwe)
_H1
_I0.00
_M1
_UAVAILABLE
_WDec 11, 2007
_ZUniversity Collection
999 _c61275
_d61275